| 000 | 00630nam a22001937a 4500 | ||
|---|---|---|---|
| 005 | 20220801095418.0 | ||
| 008 | 220801b ||||| |||| 00| 0 eng d | ||
| 040 | _cAL | ||
| 041 | _aEnglish | ||
| 082 |
_223 _a630.715 _bSWAT |
||
| 100 |
_aSwadeshi Jagaran Manch _954109 |
||
| 245 | _aTurmeric Cultivation in Andhra Pradesh: A Report by the Committee Appointed by Swadeshi Jagaran Manch | ||
| 260 |
_aAndhra Pradesh _bSwadeshi Jagaran Manch _c2007 |
||
| 300 |
_a26 p. _bPB _c22x14 cm. |
||
| 650 |
_aTurmeric Cultivation _954110 |
||
| 650 |
_aAndhra Pradesh _954111 |
||
| 700 |
_aSWADESHI JAGARAN MANCH _954112 |
||
| 942 |
_2ddc _cGF |
||
| 999 |
_c224313 _d224313 |
||